[Event "14th HZ Open"]
[Site "Vlissingen NED"]
[Date "2010.08.08"]
[Round "3"]
[White "Kuling,L"]
[Black "Kohlweyer,B"]
[Result "1/2-1/2"]
[WhiteElo "2208"]
[BlackElo "2436"]
[EventDate "2010.08.07"]

1. e4 c5 2. Nf3 e6 3. b3 a6 4. Bb2 Nc6 5. g3 d5 6. Qe2 dxe4 7. Qxe4 Nf6 8.
Qe2 Be7 9. Bg2 O-O 10. O-O Nd5 11. Na3 Qc7 12. c4 Ndb4 13. d4 cxd4 14. Nxd4
Nxd4 15. Bxd4 Bd7 16. Nc2 1/2-1/2

[Event "14th HZ Open"]
[Site "Vlissingen NED"]
[Date "2010.08.08"]
[Round "3"]
[White "Tan,Mat"]
[Black "Hoffman,Ro"]
[Result "1-0"]
[WhiteElo "2381"]
[BlackElo "2128"]
[EventDate "2010.08.07"]

1. e4 g6 2. d4 Bg7 3. c3 d6 4. f4 Nf6 5. Bd3 O-O 6. Nf3 c5 7. e5 Nd5 8. Be4
Nc7 9. O-O Nd7 10. Be3 Rb8 11. Nbd2 b6 12. Ng5 Ne6 13. Nxh7 Kxh7 14. f5
dxe5 15. fxe6 f5 16. exd7 Qxd7 17. Bc2 cxd4 18. cxd4 exd4 19. Bg5 Bb7 20.
Qe1 e5 21. Qh4+ Kg8 22. Bb3+ Bd5 23. Be7 Rfe8 24. Bf6 Rbc8 25. Bxd5+ Qxd5
26. Bxg7 Kxg7 27. Rac1 e4 28. Rxc8 Rxc8 29. g4 e3 30. gxf5 exd2 31. f6+ Kg8
32. Qg4 Rc7 33. Qxg6+ Kh8 34. Qh6+ Kg8 35. Qg6+ Kh8 36. Qh6+ Kg8 37. Qxd2
d3 38. Qf4 Rd7 39. f7+ 1-0

[Event "14th HZ Open"]
[Site "Vlissingen NED"]
[Date "2010.08.08"]
[Round "3"]
[White "Colijn,S"]
[Black "Michalczak,T"]
[Result "1/2-1/2"]
[WhiteElo "2174"]
[BlackElo "2367"]
[EventDate "2010.08.07"]

1. c4 e6 2. g3 Nf6 3. Bg2 d5 4. Nf3 Be7 5. b3 O-O 6. Bb2 b6 7. O-O Bb7 8.
cxd5 Nxd5 9. a3 Bf6 10. Qc2 Bxb2 11. Qxb2 Nd7 12. Nc3 Qf6 13. Qc2 Nxc3 14.
dxc3 Nc5 15. Nd2 Bxg2 16. Kxg2 Rfd8 17. Rfd1 Qf5 18. e4 Qg6 19. f3 f5 20.
b4 Nd3 21. exf5 Qxf5 22. Ne4 Ne5 23. Rxd8+ Rxd8 24. Qe2 g5 25. Re1 Ng6
1/2-1/2

[Event "14th HZ Open"]
[Site "Vlissingen NED"]
[Date "2010.08.08"]
[Round "3"]
[White "De Jong,M"]
[Black "Hortensius,L"]
[Result "1-0"]
[WhiteElo "2358"]
[BlackElo "2058"]
[EventDate "2010.08.07"]

1. e4 e6 2. d4 d5 3. Nc3 Bb4 4. e5 b6 5. Bd2 Qd7 6. Bb5 c6 7. Ba4 a5 8. a3
Bf8 9. Nce2 Ne7 10. Nf3 b5 11. Bb3 c5 12. c3 Nec6 13. O-O Qa7 14. Bc2 Nd7
15. Be3 c4 16. Nf4 Nb6 17. Ng5 g6 18. h4 Ba6 19. h5 O-O-O 20. Qg4 Kb8 21.
Qh3 Bh6 22. Nxf7 Qxf7 23. Nxe6 Rde8 24. Nc5 Bc8 25. Qg3 Bxe3 26. fxe3 Qc7
27. Rf6 Nd8 28. a4 b4 29. hxg6 hxg6 30. Qxg6 Nd7 31. Na6+ Bxa6 32. Rxa6
Reg8 33. Qd6 Qxd6 34. Rxd6 Kc7 35. Rxd5 Nb7 36. Rf1 Nb6 37. Rf7+ Kc6 38.
Rf6+ Kc7 39. Rb5 Nd7 40. Ra6 Rg7 41. Be4 Nd8 42. Ra7+ Kc8 43. e6 Nxe6 44.
Ra8+ Kc7 45. Rxh8 1-0

[Event "14th HZ Open"]
[Site "Vlissingen NED"]
[Date "2010.08.08"]
[Round "3"]
[White "Roggeveen,W"]
[Black "Kuipers,S"]
[Result "0-1"]
[WhiteElo "2008"]
[BlackElo "2354"]
[EventDate "2010.08.07"]

1. e4 c5 2. f3 Nc6 3. c3 e5 4. Bb5 g6 5. Bxc6 dxc6 6. Qb3 Bg7 7. Ne2 Qh4+
8. Ng3 Qe7 9. d3 Be6 10. c4 O-O-O 11. Be3 f5 12. Bf2 Qd6 13. Kd2 h5 14. h4
Nf6 15. Kc2 Bh6 16. Qc3 Rhf8 17. a3 a5 18. b3 Rf7 19. Re1 Rfd7 20. exf5
gxf5 21. b4 e4 22. fxe4 fxe4 23. Nxe4 Nxe4 24. Rxe4 Bf5 25. Bxc5 Qxd3+ 26.
Qxd3 Rxd3 27. Re7 Rxa3+ 28. Kb2 Bc1+ 0-1

[Event "14th HZ Open"]
[Site "Vlissingen NED"]
[Date "2010.08.08"]
[Round "3"]
[White "Zelbel,P"]
[Black "Soubirou,O"]
[Result "1-0"]
[WhiteElo "2345"]
[BlackElo "2034"]
[EventDate "2010.08.07"]

1. e4 c5 2. c3 d6 3. d4 Nf6 4. Bd3 Qc7 5. Nf3 g6 6. O-O Bg7 7. Re1 O-O 8.
Bf4 Nfd7 9. d5 a6 10. Nbd2 b5 11. a4 e5 12. dxe6 fxe6 13. Bg3 c4 14. Bf1
Nb6 15. axb5 e5 16. Nxc4 Bb7 17. Qxd6 Qxd6 18. Nxd6 Bc8 19. Nxc8 Rxc8 20.
Bxe5 1-0

[Event "14th HZ Open"]
[Site "Vlissingen NED"]
[Date "2010.08.08"]
[Round "3"]
[White "Van de Groep,W"]
[Black "Bezemer,A"]
[Result "0-1"]
[WhiteElo "1970"]
[BlackElo "2322"]
[EventDate "2010.08.07"]

1. e4 c5 2. Nc3 d6 3. g3 Nc6 4. Bg2 g6 5. d3 Bg7 6. Be3 Rb8 7. Qd2 b5 8. f4
b4 9. Nd1 Qb6 10. Nf3 Nh6 11. h3 f5 12. O-O O-O 13. Ng5 e6 14. Bf2 Bd7 15.
Rb1 Nf7 16. Nxf7 Rxf7 17. Ne3 Qa6 18. g4 fxg4 19. Nxg4 Qxa2 20. e5 Rbf8 21.
Be3 h5 22. Nf2 d5 23. Bxc5 Rc8 24. d4 Qc4 25. c3 Bh6 26. Nd3 b3 27. Rf3 Qb5
28. Rbf1 Kh7 29. Qf2 Rg8 30. Qh4 Be8 31. R1f2 Qb7 32. Bd6 Rf5 33. Kh1 g5
34. Qg3 Qa6 35. Bf1 Qa1 36. Qg1 gxf4 37. Rg2 Rxg2 38. Bxg2 Qxg1+ 39. Kxg1
Na5 40. Nc5 Nc4 41. Rf2 Ne3 42. Bf3 Rg5+ 43. Kh2 Bf7 44. Nxb3 Rg3 45. Nd2
Bg6 46. Nf1 h4 47. Be7 Bf5 48. Bg2 Rxg2+ 49. Rxg2 Nxf1+ 50. Kg1 Ne3 51. Rh2
Be4 52. Bxh4 Kg6 53. Be1 Kf5 54. Bh4 f3 55. Be1 Nd1 0-1

[Event "14th HZ Open"]
[Site "Vlissingen NED"]
[Date "2010.08.08"]
[Round "3"]
[White "Brandenburg,D"]
[Black "Lacrosse,M"]
[Result "1-0"]
[WhiteElo "2514"]
[BlackElo "2193"]
[EventDate "2010.08.07"]

1. e4 e5 2. Nf3 Nc6 3. d4 exd4 4. Nxd4 Bc5 5. Nxc6 Qf6 6. Qf3 dxc6 7. Bc4
Qg6 8. Bd3 Ne7 9. Bf4 Qf6 10. e5 Qe6 11. O-O Ng6 12. Nd2 Nxf4 13. Qxf4 Qg4
14. Qxg4 Bxg4 15. Nb3 Bb6 16. a4 a5 17. Bc4 Ke7 18. Rfe1 Bf5 19. Rac1 Rhd8
20. h3 h5 21. Re2 Rd7 22. Rce1 Rad8 23. e6 Bxe6 24. Bxe6 fxe6 25. Rxe6+ Kf8
26. Kf1 Rd1 27. Ke2 Rxe1+ 28. Kxe1 Rd5 29. Ke2 Kf7 30. Re4 Rf5 31. f3 Bg1
32. g4 hxg4 33. hxg4 Rg5 34. f4 Rxg4 35. Nxa5 b5 36. Nxc6 bxa4 1-0

[Event "14th HZ Open"]
[Site "Vlissingen NED"]
[Date "2010.08.08"]
[Round "3"]
[White "Guidarelli,L"]
[Black "Smits,S"]
[Result "1-0"]
[WhiteElo "2433"]
[BlackElo "2186"]
[EventDate "2010.08.07"]

1. g3 d5 2. Bg2 Nf6 3. c4 c6 4. Qc2 e5 5. b3 Bd6 6. cxd5 cxd5 7. Nc3 Be6 8.
Nf3 h6 9. Nb5 Nc6 10. Nxd6+ Qxd6 11. Bb2 Rc8 12. O-O O-O 13. Rfc1 e4 14.
Ne1 Ne5 15. Qd1 d4 16. Rxc8 Rxc8 17. Rc1 Rxc1 18. Qxc1 Bg4 19. f3 exf3 20.
Nxf3 Nc6 21. Qc4 Be6 22. Qd3 Qc5 23. Nxd4 Nxd4 24. Qxd4 Qc2 25. Qd8+ Kh7
26. Bxf6 Qc1+ 27. Kf2 gxf6 28. Qd3+ Kg7 29. Bxb7 Bh3 30. Bg2 Qc5+ 31. Qe3
Qf5+ 32. Qf4 Qc5+ 33. d4 Qc8 34. Bxh3 Qxh3 35. Kg1 Qe6 36. e4 Qa6 37. Qd2
Qc6 38. d5 Qd6 39. Kf2 a6 40. b4 h5 41. a3 h4 42. Qf4 Qb6+ 43. Qe3 Qc7 44.
Qd3 Qe5 45. d6 Qb2+ 46. Kg1 h3 47. Qf3 Qd4+ 48. Kf1 Qxd6 49. Ke2 Qe6 50.
Ke3 Kf8 51. Qd1 Qa2 52. Qd2 Qxa3+ 53. Kf4 Qa1 54. Kg4 Qf1 55. Qf4 Qg2 56.
Kf5 Qxh2 57. Kxf6 Qb2+ 58. e5 Qb3 1-0

[Event "14th HZ Open"]
[Site "Vlissingen NED"]
[Date "2010.08.08"]
[Round "3"]
[White "De Wolf,J"]
[Black "Heltzel,J"]
[Result "1/2-1/2"]
[WhiteElo "2152"]
[BlackElo "2250"]
[EventDate "2010.08.07"]

1. d4 Nf6 2. Nf3 g6 3. c3 Bg7 4. Bf4 O-O 5. h3 b6 6. e3 Bb7 7. Nbd2 d6 8.
Bc4 Nbd7 9. O-O e6 10. Re1 Qe7 11. Bh2 Ne4 12. Nxe4 Bxe4 13. Nd2 Bb7 14. e4
e5 15. dxe5 dxe5 16. Qe2 a5 17. Rad1 Nc5 18. f3 c6 19. a3 a4 20. Kh1 b5 21.
Ba2 Ne6 22. Nf1 Bf6 23. Ne3 Nf4 24. Bxf4 exf4 25. Nc2 Bh4 26. Rg1 Qe5 27.
Rd2 Rad8 1/2-1/2

[Event "14th HZ Open"]
[Site "Vlissingen NED"]
[Date "2010.08.08"]
[Round "3"]
[White "Meertens,Mart"]
[Black "Goldschmidt,C"]
[Result "1-0"]
[WhiteElo "2133"]
[BlackElo "2249"]
[EventDate "2010.08.07"]

1. e4 d6 2. d4 Nf6 3. Nc3 g6 4. f4 Bg7 5. Nf3 c5 6. dxc5 Qa5 7. Bd3 Qxc5 8.
Qe2 O-O 9. Be3 Qb4 10. O-O Qxb2 11. Nb5 Ne8 12. a3 Qf6 13. f5 gxf5 14. Nfd4
Nc6 15. exf5 Qh4 16. c3 Nf6 17. Rf4 Qh5 18. Qxh5 Nxh5 19. Rh4 Ne5 20. Nc7
Nxd3 21. Nxa8 Nf6 22. Nc7 Bd7 23. Rb1 Nc5 24. c4 Rc8 25. Ncb5 a6 26. Nc3
Rc7 27. g4 e5 28. fxe6 fxe6 29. g5 Ne8 30. Nde2 Nd3 31. Bb6 Rc8 32. Be3 Ne5
33. Kf2 Nxc4 34. Rxb7 Bc6 35. Rxg7+ Nxg7 36. Rxc4 Rf8+ 37. Ke1 Ba8 38. Rc7
Nf5 39. Bf2 e5 40. Ng3 Nh4 41. Nh5 Nf3+ 42. Ke2 Kh8 43. h4 Nxg5 44. hxg5
Bf3+ 45. Ke1 Bxh5 46. Ne4 d5 47. Nf6 Bg6 48. Bg3 1-0

[Event "14th HZ Open"]
[Site "Vlissingen NED"]
[Date "2010.08.08"]
[Round "3"]
[White "Bottema,M"]
[Black "Haast,A"]
[Result "0-1"]
[WhiteElo "2076"]
[BlackElo "2240"]
[EventDate "2010.08.07"]

1. d4 Nf6 2. c4 c5 3. d5 e6 4. Nc3 exd5 5. cxd5 d6 6. g3 g6 7. Bg2 Bg7 8.
Nf3 O-O 9. O-O a6 10. a4 Nbd7 11. Nd2 Nh5 12. Nc4 Ne5 13. Nxe5 Bxe5 14. f4
Bg7 15. e4 Rb8 16. a5 b5 17. axb6 Qxb6 18. g4 Nf6 19. h3 Re8 20. e5 dxe5
21. fxe5 Nd7 22. e6 fxe6 23. dxe6 Rxe6 24. Bf4 Bd4+ 25. Kh1 Ne5 26. Bd5 Bb7
27. Bxe5 Bxe5 28. Qf3 Qxb2 29. Ra2 Qxc3 30. Bxb7 Rf6 31. Bd5+ Kg7 32. Qxc3
Rxf1+ 33. Kg2 Bxc3 34. Kxf1 Rb1+ 35. Ke2 a5 36. Kd3 Bb4 37. Rf2 Rd1+ 38.
Ke4 Kh6 39. Rf7 Rd4+ 40. Ke5 a4 41. Ra7 a3 42. Bg8 Kg5 43. Rxh7 Bc3 44. h4+
Kxg4 45. Be6+ Kg3 0-1

[Event "14th HZ Open"]
[Site "Vlissingen NED"]
[Date "2010.08.08"]
[Round "3"]
[White "Kahleys,K"]
[Black "Ten Hagen,Y"]
[Result "1/2-1/2"]
[WhiteElo "2071"]
[BlackElo "2227"]
[EventDate "2010.08.07"]

1. Nf3 Nf6 2. c4 e6 3. g3 b6 4. d4 Ba6 5. Qa4 Be7 6. Bg2 Bb7 7. O-O O-O 8.
Nc3 c5 9. Rd1 cxd4 10. Nxd4 Bxg2 11. Kxg2 Qc8 12. f3 Nc6 13. Nxc6 dxc6 14.
e4 Qb7 15. Bf4 Rfd8 16. Rxd8+ Rxd8 17. Rd1 Rxd1 18. Qxd1 Qd7 19. Kf2 Kf8
20. a3 Qxd1 21. Nxd1 Nd7 22. Ke2 Ke8 23. b4 a5 24. Bd2 axb4 25. axb4 Kd8
26. f4 Kc7 27. Nf2 Bf8 28. Kf3 Be7 29. h4 Nb8 30. Bc3 Bf8 31. Nd3 Nd7 32.
g4 Kc8 33. g5 Kd8 34. h5 Ke8 35. Nf2 f6 36. h6 Kf7 37. hxg7 Bxg7 38. gxf6
Bxf6 39. Bxf6 Kxf6 40. e5+ Ke7 41. Kg4 b5 42. cxb5 cxb5 43. Ne4 Nb8 44. Nd6
Nc6 45. Nxb5 Nxb4 46. Nc3 Kf7 47. Ne4 Kg6 48. Ng3 Nd5 49. Kf3 1/2-1/2

[Event "14th HZ Open"]
[Site "Vlissingen NED"]
[Date "2010.08.08"]
[Round "3"]
[White "Bjornes,L"]
[Black "Gryson,W"]
[Result "0-1"]
[WhiteElo "1977"]
[BlackElo "2223"]
[EventDate "2010.08.07"]

1. d4 g6 2. c4 Bg7 3. Nc3 d6 4. e4 Nf6 5. f3 O-O 6. Be3 c5 7. Nge2 Nc6 8.
Qd2 Qa5 9. O-O-O a6 10. Kb1 e6 11. dxc5 dxc5 12. Nc1 Rd8 13. Qf2 Rxd1 14.
Nxd1 Nd4 15. Nb3 Nxb3 16. axb3 Nd7 17. Qd2 Qc7 18. Nc3 b6 19. Be2 Bb7 20.
Bf4 Be5 21. Bxe5 Nxe5 22. Rd1 Rc8 23. Qd6 Nc6 24. Qxc7 Rxc7 25. Rd2 Nd4 26.
Bd1 e5 27. Bc2 Kf8 28. Kc1 Bc6 29. Nd5 Bxd5 30. exd5 Ke7 31. Rd1 f5 32. Kd2
Kf6 33. Re1 a5 34. Bd1 Rc8 35. Kd3 h5 36. Ke3 Re8 37. Kd3 h4 38. h3 Kg5 39.
Ke3 Rb8 40. Kf2 Kf4 41. Re3 Rf8 42. Rc3 g5 43. Re3 e4 44. fxe4 fxe4 45. Bg4
Nc2 46. Rc3 e3+ 47. Ke2 Nd4+ 48. Ke1 Rf6 49. Kd1 Ke4 50. Ke1 Rd6 51. Kf1
Rh6 52. Ke1 Rf6 53. Bc8 e2 54. Kd2 Rf1 55. Re3+ Kf4 56. Bg4 Rd1+ 0-1

[Event "14th HZ Open"]
[Site "Vlissingen NED"]
[Date "2010.08.08"]
[Round "3"]
[White "Leenaerts,R"]
[Black "Verstraeten,R"]
[Result "1/2-1/2"]
[WhiteElo "2219"]
[BlackElo "2011"]
[EventDate "2010.08.07"]

1. e4 c5 2. Nf3 d6 3. d4 cxd4 4. Nxd4 Nf6 5. Nc3 a6 6. Be2 e5 7. Nb3 Be7 8.
O-O Be6 9. f4 Qc7 10. Nd5 Bxd5 11. exd5 Nbd7 12. c4 O-O 13. Be3 exf4 14.
Bxf4 Ne5 15. Rc1 Nfd7 16. a4 Bf6 17. Be3 b6 18. Nd4 Rfe8 19. Qd2 Ng6 20.
Bd3 Nc5 21. Be2 Ne5 22. b4 Ncd7 23. Bd3 Ng6 24. Nf5 a5 25. Bd4 axb4 26.
Bxf6 Nxf6 27. Qxb4 Ne4 28. Bc2 Nc5 29. Rb1 Rab8 30. Qc3 f6 31. Rfe1 Ne5 32.
Re3 Rb7 33. h4 Ra8 34. Rg3 Qd8 35. Ra1 Kh8 36. h5 Rba7 37. Qb4 Rb8 38. Rb1
Rbb7 39. Qb5 Ra8 40. Qb4 Raa7 41. Ra1 Ra8 42. Rb1 1/2-1/2

[Event "14th HZ Open"]
[Site "Vlissingen NED"]
[Date "2010.08.08"]
[Round "3"]
[White "Balje,J"]
[Black "Onrust,B"]
[Result "1/2-1/2"]
[WhiteElo "2204"]
[BlackElo "1972"]
[EventDate "2010.08.07"]

1. d4 d5 2. c4 c6 3. Nf3 Nf6 4. e3 e6 5. b3 Nbd7 6. Nbd2 Bb4 7. Bd3 O-O 8.
O-O Bc3 9. Rb1 e5 10. cxd5 Nxd5 11. Qc2 exd4 12. exd4 N7f6 13. Ne4 Bb4 14.
Bg5 h6 15. Bh4 Be7 16. Nxf6+ Bxf6 17. Bxf6 Qxf6 18. b4 Qd6 19. Qc5 Rd8 20.
Qxd6 Rxd6 21. b5 Nc3 22. Rb3 Nxb5 23. Bxb5 cxb5 24. Rxb5 Bg4 25. Rxb7 Bxf3
26. gxf3 Rxd4 27. Re1 1/2-1/2

[Event "14th HZ Open"]
[Site "Vlissingen NED"]
[Date "2010.08.08"]
[Round "3"]
[White "Thanabalasingam,A"]
[Black "Duchene,R"]
[Result "1/2-1/2"]
[WhiteElo "1940"]
[BlackElo "2204"]
[EventDate "2010.08.07"]

1. e4 e6 2. d4 d5 3. Nc3 Nf6 4. e5 Nfd7 5. f4 c5 6. Nf3 Nc6 7. Be3 Qb6 8.
a3 cxd4 9. Nxd4 a6 10. g3 Nxd4 11. Bxd4 Bc5 12. Na4 Qa5+ 13. c3 Bxd4 14.
Qxd4 Qc7 15. b4 b5 16. Nb2 Bb7 17. Bd3 Rc8 18. Rc1 f6 19. exf6 gxf6 20. O-O
O-O 21. a4 e5 22. fxe5 fxe5 23. Bxh7+ Kxh7 24. Qh4+ Kg8 25. Qg5+ Kh7 26.
Qh5+ Kg7 27. Qg5+ 1/2-1/2

[Event "14th HZ Open"]
[Site "Vlissingen NED"]
[Date "2010.08.08"]
[Round "3"]
[White "Verduyn,F"]
[Black "Kuijpers,J"]
[Result "1/2-1/2"]
[WhiteElo "2195"]
[BlackElo "1949"]
[EventDate "2010.08.07"]

1. d4 d5 2. Nf3 e6 3. c4 Nf6 4. g3 c5 5. cxd5 exd5 6. Bg2 Nc6 7. O-O Be7 8.
Nc3 O-O 9. dxc5 Bxc5 10. Na4 Be7 11. Be3 Bg4 12. Rc1 Re8 13. Re1 Bb4 14.
Bd2 Bxd2 15. Nxd2 Ne5 16. Nf3 Nxf3+ 17. exf3 Rxe1+ 18. Qxe1 Bf5 19. Qd2 Rc8
20. Rxc8 Qxc8 21. Nc3 Qc5 22. Qf4 Be6 23. Qb8+ Qc8 24. Qxa7 h6 25. Qd4 Qc6
26. f4 Ne4 27. Bxe4 dxe4 28. Qxe4 Qxe4 29. Nxe4 Bxa2 30. Kf1 Kf8 31. Ke2
Ke7 32. Ke3 b6 33. Nc3 Bb3 34. Kd4 Ke6 35. Nb1 Kd6 36. Nd2 Be6 37. Nc4+ Kc7
38. Kc3 f6 39. Ne3 Kc6 40. Nc2 Bd7 41. Nd4+ Kd5 42. Nf3 Bg4 43. Nd2 Be2 44.
Nb3 1/2-1/2

[Event "14th HZ Open"]
[Site "Vlissingen NED"]
[Date "2010.08.08"]
[Round "3"]
[White "Leenhouts,K"]
[Black "Swijsen,L"]
[Result "1-0"]
[WhiteElo "2407"]
[BlackElo "1922"]
[EventDate "2010.08.07"]

1. d4 Nf6 2. c4 c5 3. Nf3 cxd4 4. Nxd4 e5 5. Nc2 d5 6. cxd5 Qxd5 7. Qxd5
Nxd5 8. e4 Nc7 9. Nc3 Be6 10. f4 Bd6 11. f5 Bd7 12. Be3 Nba6 13. O-O-O Bc5
14. Bxa6 Bxe3+ 15. Nxe3 bxa6 16. Nc4 f6 17. Rd3 Bb5 18. Nd6+ Ke7 19. Rd2
Bc6 20. Rhd1 Rhd8 21. Nc4 Rxd2 22. Rxd2 Rd8 23. a4 Rd4 24. Na5 Kd6 25. b4
Rxd2 26. Kxd2 Na8 27. Kd3 Nb6 28. Nxc6 Kxc6 29. g4 Na8 30. Nd5 Nb6 31. Nc3
Na8 32. h4 h6 33. Nd5 Nb6 34. Nc3 Na8 35. Ke3 Nc7 36. g5 hxg5 37. hxg5 fxg5
38. Kf3 a5 39. bxa5 Kc5 40. Kg4 Kc4 41. Nb5 Ne8 42. Nxa7 Nf6+ 43. Kxg5
Nxe4+ 44. Kg6 Nc5 45. Nc6 e4 46. Kxg7 e3 47. Ne5+ Kd4 48. Nf3+ Ke4 49. a6
Kxf3 50. a7 e2 51. a8=Q+ Ne4 52. Qa5 Kf2 53. Qb6+ Kf1 54. Qb5 Kf2 55. Qb2
Kf1 56. Qb5 Kf2 57. Qb4 Ke3 58. f6 Nd2 59. Qc3+ 1-0

[Event "14th HZ Open"]
[Site "Vlissingen NED"]
[Date "2010.08.08"]
[Round "3"]
[White "Afek,Y"]
[Black "Ijzermans,Cees"]
[Result "1-0"]
[WhiteElo "2310"]
[BlackElo "1912"]
[EventDate "2010.08.07"]

1. c4 Nf6 2. Nc3 e5 3. g3 c6 4. d4 exd4 5. Qxd4 d5 6. Bg2 Be6 7. Bg5 Nbd7
8. cxd5 cxd5 9. e3 Be7 10. Nge2 O-O 11. h4 h6 12. Bf4 Bc5 13. Qd2 Nb6 14.
O-O Qd7 15. b3 Bh3 16. Be5 Bxg2 17. Kxg2 Ng4 18. Bd4 Be7 19. Bxb6 axb6 20.
Nxd5 Rfd8 21. e4 f5 22. Qf4 Bc5 23. Rad1 Qe6 24. Qxf5 Qxf5 25. exf5 Rxa2
26. Nf6+ gxf6 27. Rxd8+ Kf7 28. b4 Rxe2 29. bxc5 bxc5 30. Kf3 1-0

[Event "14th HZ Open"]
[Site "Vlissingen NED"]
[Date "2010.08.08"]
[Round "3"]
[White "Au,H"]
[Black "Sandu,Mi"]
[Result "0-1"]
[WhiteElo "1913"]
[BlackElo "2261"]
[EventDate "2010.08.07"]

1. e4 c5 2. d4 cxd4 3. c3 d3 4. c4 Nc6 5. Nc3 g6 6. Bxd3 Bg7 7. Be3 Nf6 8.
h3 d6 9. Nf3 O-O 10. Qd2 Re8 11. O-O Bd7 12. Rac1 Rc8 13. b3 Qa5 14. Nh2
Ne5 15. Be2 Bc6 16. f4 Ned7 17. Bf3 a6 18. Ng4 b5 19. Nxf6+ Nxf6 20. Nd5
Qxd2 21. Bxd2 bxc4 22. Rxc4 Nxd5 23. exd5 Bb5 24. Rxc8 Rxc8 25. Rc1 Bd4+
26. Kh2 Rxc1 27. Bxc1 f5 28. a4 Bd3 29. b4 Bc3 30. Ba3 Kf7 31. g4 e5 32.
dxe6+ Kxe6 33. Bc6 Be4 34. b5 Bxc6 35. bxc6 Ba5 36. gxf5+ gxf5 37. Kg3 Bd8
38. Kf3 Kd5 39. Ke3 Kxc6 40. Kd4 Bf6+ 41. Kc4 Bh4 42. Bc1 Bf2 43. Bd2 d5+
44. Kb4 Bc5+ 45. Kc3 Be7 46. Be3 Bf6+ 47. Kd3 Bg7 48. Bf2 Bb2 49. Be3 Kd6
50. Kc2 d4 51. Bd2 Ba1 52. Kb1 Bc3 53. Bxc3 dxc3 54. Kc2 a5 55. Kxc3 Kc5
56. h4 h5 57. Kd3 Kd5 0-1

[Event "14th HZ Open"]
[Site "Vlissingen NED"]
[Date "2010.08.08"]
[Round "3"]
[White "Verlinde,T"]
[Black "Ducarmon,R"]
[Result "1/2-1/2"]
[WhiteElo "2235"]
[BlackElo "1910"]
[EventDate "2010.08.07"]

1. e4 c5 2. Nf3 d6 3. d3 Nc6 4. g3 Nf6 5. Bg2 g6 6. O-O Bg7 7. h3 O-O 8.
Nc3 e5 9. Nd5 h6 10. Nd2 Nxd5 11. exd5 Ne7 12. a4 b6 13. Kh2 Bb7 14. c4 a6
15. Ra2 Nf5 16. b3 Bc8 17. Bb2 a5 18. Qe2 Re8 19. Re1 Ra7 20. Nf3 Rae7 21.
Ba1 Nd4 22. Bxd4 exd4 23. Qd1 Rxe1 24. Nxe1 h5 25. Nf3 Bh6 26. Re2 Kf8 27.
Kg1 Bf5 28. Kf1 Rxe2 29. Qxe2 Qe7 30. Qxe7+ Kxe7 31. Ke2 Bc1 32. Bf1 Bb2
33. Nh4 Kf6 34. f4 Bc1 35. Nf3 Ke7 36. Kf2 Bd7 37. Kg2 Bf5 38. Be2 Bd7 39.
Nh4 Kf6 40. Bf3 Bf5 41. Be2 Bd7 42. Nf3 Ke7 43. Bf1 1/2-1/2

[Event "14th HZ Open"]
[Site "Vlissingen NED"]
[Date "2010.08.08"]
[Round "3"]
[White "De Pooter,R"]
[Black "Admiraal,M"]
[Result "0-1"]
[WhiteElo "1908"]
[BlackElo "2221"]
[EventDate "2010.08.07"]

1. c4 Nf6 2. Nc3 e6 3. e4 c5 4. e5 Ng8 5. Nf3 Nc6 6. d4 cxd4 7. Nb5 a6 8.
Nd6+ Bxd6 9. exd6 Qa5+ 10. Qd2 Qc5 11. Qg5 Qxg5 12. Bxg5 b6 13. O-O-O f6
14. Bf4 e5 15. Bg3 Nh6 16. Nd2 Nf7 17. f4 Nxd6 18. fxe5 fxe5 19. Re1 Nf7
20. Bd3 d6 21. Be4 Bd7 22. Bd5 Ra7 23. Ne4 Nfd8 24. Nxd6+ Ke7 25. Ne4 Be6
26. Bh4+ Kd7 27. Bxd8 Rxd8 28. Bxe6+ Kxe6 29. Ng5+ Kf5 30. h4 b5 31. Rhf1+
Kg6 32. cxb5 axb5 33. Kb1 d3 34. Nf3 d2 35. Rd1 e4 36. Nxd2 e3 37. h5+ Kh6
0-1

[Event "14th HZ Open"]
[Site "Vlissingen NED"]
[Date "2010.08.08"]
[Round "3"]
[White "Mundorf,J"]
[Black "Grochal,J"]
[Result "1/2-1/2"]
[WhiteElo "1903"]
[BlackElo "2124"]
[EventDate "2010.08.07"]

1. Nf3 Nf6 2. g3 b6 3. Bg2 Bb7 4. b3 e5 5. c4 e4 6. Nd4 g6 7. Bb2 Bg7 8.
Nc2 O-O 9. O-O c6 10. d3 d5 11. Nc3 Re8 12. Rb1 dxc4 13. dxc4 Na6 14. Ne3
Nc7 15. Qc2 c5 16. Rbd1 Qe7 17. Ba1 Red8 18. h4 Ne6 19. Ncd5 Nxd5 20. Nxd5
Bxd5 21. cxd5 Nc7 22. Bxg7 Kxg7 23. Qxe4 Qxe4 24. Bxe4 Nb5 25. Bf3 f5 26.
g4 Rd6 27. g5 Nd4 28. Kg2 Re8 29. Rxd4 cxd4 30. Rd1 Rc8 31. Rxd4 Rc2 32.
Rc4 Rxa2 33. Rc7+ Kg8 34. Rc8+ Kf7 35. Rc7+ Kg8 36. Rc8+ Kf7 37. Rc7+
1/2-1/2

[Event "14th HZ Open"]
[Site "Vlissingen NED"]
[Date "2010.08.08"]
[Round "3"]
[White "Rosmuller,A"]
[Black "Koerber,M"]
[Result "1-0"]
[WhiteElo "2117"]
[BlackElo "1894"]
[EventDate "2010.08.07"]

1. d4 d5 2. Nf3 Nf6 3. c4 c6 4. Nc3 dxc4 5. a4 Bf5 6. Ne5 e6 7. e3 Nbd7 8.
Nxc4 Bb4 9. Be2 O-O 10. O-O Re8 11. Qb3 a5 12. Na2 c5 13. Nd6 Re7 14. Nxb4
cxb4 15. Bf3 Qc7 16. Nxf5 exf5 17. Bd2 Ne4 18. Bxe4 fxe4 19. Rac1 Qd6 20.
Rc2 Re6 21. f4 Nb6 22. Rc5 Qd7 23. Ra1 Kh8 24. f5 Ree8 25. Rb5 Ra6 26. Rc1
Rc8 27. Rxc8+ Nxc8 28. Qd5 Qxd5 29. Rxd5 Nd6 30. Be1 h5 31. b3 g6 32. fxg6
fxg6 33. Bg3 Nf5 34. Rd8+ Kh7 35. Be5 Kh6 36. d5 Ne7 37. Rd7 1-0

[Event "14th HZ Open"]
[Site "Vlissingen NED"]
[Date "2010.08.08"]
[Round "3"]
[White "Van de Braak,Joey"]
[Black "Stange,S"]
[Result "0-1"]
[WhiteElo "1937"]
[BlackElo "2116"]
[EventDate "2010.08.07"]

1. e4 e5 2. d4 exd4 3. Qxd4 Nc6 4. Qe3 Be7 5. Nc3 Nf6 6. Bd2 O-O 7. O-O-O
Re8 8. f3 Bb4 9. Qf2 d6 10. Bc4 Ne5 11. Bb3 d5 12. Nge2 Bd7 13. a3 Bc5 14.
Qh4 Ng6 15. Qg3 b5 16. a4 b4 17. Nxd5 Nxd5 18. Bxd5 Bxa4 19. Bxa8 Qxa8 20.
Nf4 Qc6 0-1

[Event "14th HZ Open"]
[Site "Vlissingen NED"]
[Date "2010.08.08"]
[Round "3"]
[White "Le Clercq,Maxim"]
[Black "Foo,Be"]
[Result "0-1"]
[WhiteElo "1890"]
[BlackElo "2112"]
[EventDate "2010.08.07"]

1. e4 e5 2. Nf3 Nc6 3. Bb5 a6 4. Bxc6 dxc6 5. O-O Qd6 6. Na3 Be6 7. Qe2 f6
8. c3 c5 9. Rd1 g5 10. Nc2 g4 11. Nh4 Ne7 12. d4 O-O-O 13. Be3 cxd4 14.
cxd4 Rg8 15. d5 Bd7 16. Qc4 Ng6 17. Nxg6 hxg6 18. Rac1 Bb5 19. Qc3 Qd7 20.
Na3 Bxa3 21. Qxa3 Kb8 22. d6 cxd6 23. Qa5 Bc6 24. Qb6 Kc8 25. Rxc6+ bxc6
26. Rc1 Qb7 27. Rxc6+ Kb8 28. Rxd6 Qxb6 29. Rxb6+ Kc7 0-1

[Event "14th HZ Open"]
[Site "Vlissingen NED"]
[Date "2010.08.08"]
[Round "3"]
[White "In 't Veld,R"]
[Black "Gunther,M"]
[Result "0-1"]
[WhiteElo "2097"]
[BlackElo "1879"]
[EventDate "2010.08.07"]

1. d4 Nf6 2. Nc3 d5 3. Bg5 e6 4. e4 dxe4 5. Nxe4 Be7 6. Bxf6 Bxf6 7. Nf3
O-O 8. c3 Be7 9. Bd3 Nd7 10. Qe2 b6 11. Neg5 Bb7 12. Bxh7+ Kh8 13. Be4 Bxe4
14. Nxe4 Nf6 15. Nfg5 g6 16. h4 Kg7 17. h5 Nxh5 18. Rxh5 gxh5 19. Qxh5 Bxg5
20. Nxg5 Qd5 21. Qh7+ Kf6 22. Ne4+ Ke7 23. Qh4+ f6 24. f3 Qf5 25. O-O-O
Rad8 26. Qg3 Rd7 27. Rh1 Kd8 28. Rh4 Rh7 29. Rf4 Rh1+ 30. Kc2 Qb5 31. Qg7
Qe2+ 32. Kb3 Qb5+ 33. Ka3 Qa5+ 34. Kb3 Qb5+ 35. Kc2 Qe2+ 36. Nd2 Rd1 37.
Qxf8+ Kd7 38. Kb3 Rxd2 39. Qa3 a5 40. Ka4 Qc4+ 41. b4 Rxa2 42. Qxa2 Qxa2+
43. Kb5 Qd5+ 0-1

[Event "14th HZ Open"]
[Site "Vlissingen NED"]
[Date "2010.08.09"]
[Round "4"]
[White "Bosboom,M"]
[Black "L'Ami,E"]
[Result "0-1"]
[WhiteElo "2455"]
[BlackElo "2620"]
[EventDate "2010.08.07"]

1. c4 e5 2. Nc3 Nf6 3. Nf3 Nc6 4. d3 Bb4 5. Bd2 O-O 6. g3 Nd4 7. Bg2 Nxf3+
8. Bxf3 Re8 9. Qc2 c6 10. g4 d5 11. g5 e4 12. Bg2 Bf5 13. O-O exd3 14. exd3
Ng4 15. cxd5 Qd6 16. f4 Qc5+ 17. Kh1 Nf2+ 18. Rxf2 Qxf2 19. Rf1 Qd4 20. Qb3
Qxd3 21. dxc6 bxc6 22. Qxb4 Qxd2 23. Qc5 Bd3 24. Rg1 Qxb2 25. h4 Rac8 26.
Rd1 Bc2 27. Rf1 Qb6 28. Qc4 Qe3 29. Rf3 Qe1+ 30. Kh2 Bf5 31. Rg3 Re3 32.
Rxe3 Qxe3 33. h5 Be6 0-1